Dona segle vint-i-u : a prop teu, treballem per a tu a prop teu, treballem per a tu
Descripción Física:
1 full plegat en 5 parts ; 15 cm
Otros Autores:
Olympia de Gouges. Xarxa de Promoció dels Drets de la Dona
MARC
| LEADER | 00000nam a2200000Ia 4500 | ||
|---|---|---|---|
| 001 | 15980 | ||
| 008 | 160829s9999 xx 000 0 cat d | ||
| 080 | |a FU-41-37 | ||
| 245 | |a Dona segle vint-i-u : |b a prop teu, treballem per a tu | ||
| 260 | |a [Barcelona] : |b Diputació de Barcelona, D.L. 2003 | ||
| 300 | |a 1 full plegat en 5 parts ; |c 15 cm | ||
| 590 | |a A la part inferior de la portada: Olympia de Gouges, Xarxa de Promoció dels Drets de la Dona | ||
| 650 | |a Dones |x Serveis socials |x Exposicions |9 28490 | ||
| 650 | |a Discriminació sexual envers les dones |x Exposicions |9 28491 | ||
| 700 | |a Olympia de Gouges. Xarxa de Promoció dels Drets de la Dona |9 28492 | ||
| 710 | 1 | |a Barcelona (Catalunya : Província). |b Oficina Tècnica del Pla d'Igualtat |9 54965 | |
| 901 | |a Arxiu | ||
| 942 | |n 1 | ||
| 952 | |0 0 |1 0 |4 0 |6 FU4137 |7 1 |9 44833 |a Arxiu |b Arxiu |d 2016-12-01 |l 0 |o FU-41-37 |p 15980 |r 2016-12-01 00:00:00 |w 2016-12-01 |y ARXIU | ||
| 999 | |c 47431 |d 47431 | ||